000
00304nam a22001337a 4500
008
181006b xxu||||| |||| 00| 0 eng d
020
_a
18567
041
_a
eng
080
_a
941
100
_a
17
101
_a
HIS
245
_a
Panzer. A Revolution in Warfare, 1939-1945
_c
Edwards, R
942
_2
udc
_c
BK
999
_c
48949
_d
48949